| 000 | 00498nam a2200229Ia 4500 | ||
|---|---|---|---|
| 003 | IT-RoPAU | ||
| 008 | 120407s9999 xx 000 0 und d | ||
| 040 | _aIT-RoPAU | ||
| 040 | _cIT-RoPAU | ||
| 041 | _aita | ||
| 100 | _aJacques Leclercq | ||
| 245 | _aMatrimonio d’amore. 3a ed. | ||
| 250 | _aFrancavilla a Mare | ||
| 260 | _aEdizioni Paoline | ||
| 260 | _c1972 | ||
| 300 | _a139 p. | ||
| 300 | _c19 cm | ||
| 490 | _aAmore e sesso | ||
| 490 | _v111 | ||
| 942 | _cBK | ||
| 999 |
_c25536 _d25536 |
||